| 000 | 01141cab a22002055a 4500 | ||
|---|---|---|---|
| 001 | L152598 | ||
| 008 | 110331e20110211xxk 000 0 eng d | ||
| 035 | _a(Sirsi) u152598 | ||
| 041 | 0 | _aeng | |
| 100 | 1 | _aSandher, Hardeep | |
| 245 | 0 | 0 |
_aMarkets _bMidtown |
| 260 | _c2011 | ||
| 490 | 0 |
_aProperty Week _v77(6) 11 February 2011, 49-54(5) |
|
| 520 | _aDevelopers in London's Midtown will return in 2011 to speculative office building as the pipeline of new available space shrinks. Crossrail's £1bn station development will inspire revitalisation in the Tottenham Court Road area. Farebrother reports in its latest Midtown office report that Midtown has the lowest percentage of available space compared to the City and the West End and expects this to shrink a further 16% this year. Great Ormond Street is halfway through its £343m redevelopment. Covent Garden residential prices now 30% higher than previous 2007 peak. | ||
| 590 | _aKA | ||
| 651 | 4 | _aLondon | |
| 690 | _aPROPERTY-COMMERCIAL PROPERTY-COMMERCIAL PROPERTY MARKET | ||
| 690 | _aPROPERTY-COMMERCIAL PROPERTY-COMMERCIAL PROPERTY FINANCE AND INVESTMENT | ||
| 942 | _n0 | ||
| 999 |
_c83017 _d83017 |
||